000 00569nam a2200229Ia 4500
003 OSt
005 20220923230749.0
006 a|||||r|||| 00| 0
007 ta
008 Pun
024 _a305,362
037 _cTextual
040 _aARTS
_cARTS
_bPun
041 _2Pun
_aPun
082 _aQ8441:21, 153C5.1-.2
100 _aਤਾਰਾ ਸਿੰਘ
245 0 _aਗੁਰੂ ਗ੍ਰੰਥ
260 _c1895
650 _aਧਰਮ
942 _hQ8441:21, 153C5.1-.2
_cTEXL
_2CC
999 _c387164
_d387164